000 00342nam a22001457a 4500
003 OSt
005 20160727222357.0
008 160622b xxu||||| |||| 00| 0 eng d
040 _ctest
100 _9556
_a Mohindroo, K, K
245 _aXII Expremental Physics
260 _aN.D
_bPitamber
300 _aXII Expremental Physics
942 _2ddc
_cBK
999 _c465
_d465